Everything Has Changed lyrics - Statistics

General Stats
  • This quiz has been taken 99 times
  • The average score is 367 of 439
Answer Stats
Lyrics % Correct
a
100%
I
100%
All
96%
all
96%
is
96%
You
96%
you
96%
you,
96%
And
93%
and
93%
changed
93%
everything
93%
has
93%
know
93%
your
93%
Your
93%
like
91%
eyes
89%
me
89%
the
87%
The
87%
be
84%
my
84%
said,
84%
now,
82%
now
82%
when
82%
comin'
80%
"Hello"
80%
home
80%
I'll
80%
in
80%
just
80%
look
80%
this
80%
to
80%
we
80%
better,
78%
better
78%
simple
78%
wanna
78%
yesterday
78%
back
76%
for
76%
mind,
76%
mind
76%
of
76%
since
76%
So
76%
feel
73%
mine
73%
that
73%
But
71%
door
71%
go?
71%
yours
71%
before
69%
'Cause
69%
held
69%
hours
69%
I've
69%
makin'
69%
morning
69%
time,
69%
time
69%
up
69%
woke,
69%
ago,
67%
didn't
67%
freckles
67%
something
67%
why
67%
You'll
67%
Come
64%
eighteen
64%
'em
64%
green
64%
I'm
64%
knew
64%
making
64%
pouring
64%
rain
64%
seen,
64%
smile
64%
tell
64%
feelin'
62%
good
62%
it's
62%
looked
62%
missed
62%
open
62%
butterflies
60%
blue
58%
down,
56%
stomach
56%
take
56%
name
53%
painted
53%
not
51%
off
51%
beautiful
49%
kind,
49%
lost
49%
highest
47%
new
47%
walls
47%
dust
44%
grace
44%
let
44%
tonight
44%
days,
42%
face
42%
found
42%
hopes
42%
tall
42%
there
42%
meet
40%
stood
38%
takin'
36%
flight,
31%
No matching quizzes found
Score Distribution
Percent of People with Each Score
Percentile by Number Answered
Your Score History
You have not taken this quiz